000 00648nam a2200229 4500
005 20240423192528.0
007 ta
008 221128s1992 ve |||||r|||| 00| 0 spa d
020 _a980607310X
040 _avecauma
_cvecauma
_dvecauma
099 _aGE190
_bV4 C3
100 1 _94555
_aCantó, Leandro
245 1 3 _aLa tiranía ecológica
260 _aCaracas :
_bCEDICE,
_c1992.
300 _a171 p.
490 0 _aVenezuela Hoy
_v4
504 _aIncluye referencias bibliográficas.
650 0 _aPOLITICA AMBIENTAL
_zVENEZUELA
_91911
651 0 _916
_aVENEZUELA
_xCONDICIONES AMBIENTALES
942 _2lcc
_n0
_cBK
999 _c3209
_d3209